The cambridge companion to plato / (Record no. 14668)

MARC details
000 -LEADER
fixed length control field 01760cam a22002658i 4500
001 - CONTROL NUMBER
control field TB12407
003 - CONTROL NUMBER IDENTIFIER
control field IN-BhIIT
005 - DATE AND TIME OF LATEST TRANSACTION
control field 20250907214011.0
008 - FIXED-LENGTH DATA ELEMENTS--GENERAL INFORMATION
fixed length control field 210525s2022 enk b 001 0 eng
020 ## - INTERNATIONAL STANDARD BOOK NUMBER
ISBN 9781108457262 (PBK.)
040 ## - CATALOGING SOURCE
Original cataloging agency IN-BhIIT
041 ## - LANGUAGE CODE
Language code of text eng
082 00 - DEWEY DECIMAL CLASSIFICATION NUMBER
Classification number 184
Book number EBR/C
245 04 - TITLE STATEMENT
Title The cambridge companion to plato /
Statement of responsibility, etc edited by David Ebrey.
250 ## - EDITION STATEMENT
Edition statement 2nd ed.
260 ## - PUBLICATION, DISTRIBUTION, ETC. (IMPRINT)
Place of publication New York :
Name of publisher Cambridge University Press,
Year of publication 2022.
300 ## - PHYSICAL DESCRIPTION
Number of Pages xvii, 620 p. :
Other physical details(ill.) ill. ;
Dimensions(size) 24 cm
490 0# - SERIES STATEMENT
Series statement Cambridge companions to philosophy
504 ## - BIBLIOGRAPHY, ETC. NOTE
Bibliography, etc Includes bibliographical references and index.
520 ## - SUMMARY, ETC.
Summary, etc The first edition of the Cambridge Companion to Plato (1992), edited by Richard Kraut, shaped scholarly research and guided new students for thirty years. This new edition introduces students to fresh approaches to Platonic dialogues while advancing the next generation of research. Of its seventeen chapters, nine are entirely new, written by a new generation of scholars. Six others have been thoroughly revised and updated by their original authors. The volume covers the full range of Plato's interests, including ethics, political philosophy, epistemology, metaphysics, aesthetics, religion, mathematics, and psychology. Plato's dialogues are approached as unified works and considered within their intellectual context, and the revised introduction suggests a way of reading the dialogues that attends to the differences between them while also tracing their interrelations. The result is a rich and wide-ranging volume which will be valuable for all students and scholars of Plato.
650 ## - SUBJECT ADDED ENTRY--TOPICAL TERM
Topical Term Philosophy
700 1# - ADDED ENTRY--PERSONAL NAME
Personal name Ebrey, David,
Relator term editor.
Personal name Kraut, Richard,
Relator term Joint editor.
942 ## - ADDED ENTRY ELEMENTS (KOHA)
Koha item type Text Book
Holdings
Withdrawn status Lost status Damaged status Not for loan Collection code Home library Current library Date acquired Source of acquisition Cost, normal purchase price Full call number Accession Number Cost, replacement price Price effective from Koha item type
Not withdrawn Not Lost not damaged   SHSSM Central Library, IIT Bhubaneswar Central Library, IIT Bhubaneswar 21/02/2025 31 2116.07 184 EBR/C TB12407 2898.73 21/02/2025 Text Book

Central Library, Indian Institute of Technology Bhubaneswar, 4th Floor, Administrative Building, Argul, Khordha, PIN-752050, Odisha, India
Phone: +91-674-7138750 | Email: circulation.library@iitbbs.ac.in (For circulation related queries),
Email: info.library@iitbbs.ac.in (For other queries)